Opinion on the scope of the powers of the Council of the Organization of American States. (Record no. 51483)
[ view plain ]
| 000 -LEADER | |
|---|---|
| fixed length control field | 00938cam a22002051 4500 |
| 001 - CONTROL NUMBER | |
| control field | pa 61000130 |
| 003 - CONTROL NUMBER IDENTIFIER | |
| control field | DLC |
| 005 - DATE AND TIME OF LATEST TRANSACTION | |
| control field | 20260227111855.0 |
| 008 - FIXED-LENGTH DATA ELEMENTS--GENERAL INFORMATION | |
| fixed length control field | 780328s1961 dcu 00000 eng c |
| 010 ## - LIBRARY OF CONGRESS CONTROL NUMBER | |
| LC control number | pa 61000130 //r853 |
| 035 ## - SYSTEM CONTROL NUMBER | |
| System control number | ocl73719428 |
| 040 ## - CATALOGING SOURCE | |
| Original cataloging agency | Pan American Union. Library |
| Transcribing agency | WMaUCS |
| 050 0# - LIBRARY OF CONGRESS CALL NUMBER | |
| Classification number | F1405.5 1959 |
| Item number | .O7 OEA/Ser.I/VI.2, CIJ-59 (English) |
| 110 20 - MAIN ENTRY--CORPORATE NAME | |
| Corporate name or jurisdiction name as entry element | Inter-American Juridical Committee. |
| 245 10 - TITLE STATEMENT | |
| Title | Opinion on the scope of the powers of the Council of the Organization of American States. |
| Remainder of title | Prepared in accordance with Resolution of April 21, 1949 of the Council of the Organization of American States and with Resolution III of the first meeting of the Inter-American Council of Jurists. |
| 260 0# - PUBLICATION, DISTRIBUTION, ETC. | |
| Place of publication, distribution, etc. | Washington, |
| Name of publisher, distributor, etc. | Pan American Union, |
| Date of publication, distribution, etc. | 1961. |
| 300 ## - PHYSICAL DESCRIPTION | |
| Extent | 21 p. |
| Dimensions | 27 cm. |
| 440 #0 - SERIES STATEMENT/ADDED ENTRY--TITLE | |
| Title | [OAS official records] ; |
| Volume/sequential designation | OEA/Ser.I/VI.2, CIJ-59 (English) |
| 610 20 - SUBJECT ADDED ENTRY--CORPORATE NAME | |
| Corporate name or jurisdiction name as entry element | Organization of American States. |
| Subordinate unit | Council. |
No items available.